Business dictionary / (Record no. 363346)
[ view plain ]
| 000 -LEADER | |
|---|---|
| fixed length control field | 00467nam a2200181Ia 4500 |
| 008 - FIXED-LENGTH DATA ELEMENTS--GENERAL INFORMATION | |
| fixed length control field | 200601s9999 xx 000 0 und d |
| 020 ## - INTERNATIONAL STANDARD BOOK NUMBER | |
| International Standard Book Number | 81-86830-67-7 |
| 050 ## - LIBRARY OF CONGRESS CALL NUMBER | |
| Classification number | REF HF 1002.E2 |
| 050 ## - LIBRARY OF CONGRESS CALL NUMBER | |
| Item number | .B87 2004 |
| 245 #0 - TITLE STATEMENT | |
| Title | Business dictionary / |
| 260 ## - PUBLICATION, DISTRIBUTION, ETC. (IMPRINT) | |
| Place of publication, distribution, etc | New Delhi, India: |
| 260 ## - PUBLICATION, DISTRIBUTION, ETC. (IMPRINT) | |
| Name of publisher, distributor, etc | Pentagon Press. |
| 260 ## - PUBLICATION, DISTRIBUTION, ETC. (IMPRINT) | |
| Date of publication, distribution, etc | 2004 |
| 300 ## - PHYSICAL DESCRIPTION | |
| Extent | 268 pages : |
| 300 ## - PHYSICAL DESCRIPTION | |
| Dimensions | 19 cm. |
| 650 ## - SUBJECT ADDED ENTRY--TOPICAL TERM | |
| Topical term or geographic name as entry element | Economics -- Dictionaries. |
| 650 ## - SUBJECT ADDED ENTRY--TOPICAL TERM | |
| General subdivision | English language -- Dictionaries. |
| Withdrawn status | Lost status | Damaged status | Home library | Current library | Shelving location | Date acquired | Total Checkouts | Full call number | Barcode | Date last seen | Price effective from | Koha item type |
|---|---|---|---|---|---|---|---|---|---|---|---|---|
| South Mansfield College | South Mansfield College | Reference Section | 03/07/2005 | REF HF 1002.E2 .B87 2004 | SMC00623 | 06/01/2020 | 06/01/2020 | Books |